A CMA minőségi jel szerepe és alkalmazása az NSZK élelmiszergazdaságában

Elmentve itt :
Bibliográfiai részletek
Szerző: Molnár Pál
Dokumentumtípus: Cikk
Megjelent: Amicus Kiadó Budapest 1990
Sorozat:Élelmiszervizsgálati közlemények 36 No. 3
Kulcsszavak:Élelmiszergazdaság - minőségszabályozás
Tárgyszavak:
Online Access:http://acta.bibl.u-szeged.hu/80356
LEADER 00891nab a2200217 i 4500
001 acta80356
005 20230826103954.0
008 230802s1990 hu o 0|| hun d
022 |a 0422-9576 
040 |a SZTE Egyetemi Kiadványok Repozitórium  |b hun 
041 |a hun 
100 1 |a Molnár Pál 
245 1 2 |a A CMA minőségi jel szerepe és alkalmazása az NSZK élelmiszergazdaságában  |h [elektronikus dokumentum] /  |c  Molnár Pál 
260 |a Amicus Kiadó  |b Budapest  |c 1990 
300 |a 143-147 
490 0 |a Élelmiszervizsgálati közlemények  |v 36 No. 3 
650 4 |a Műszaki és technológiai tudományok 
650 4 |a Egyéb műszaki tudományok és technológiák 
650 4 |a Élelmiszer és italfélék 
695 |a Élelmiszergazdaság - minőségszabályozás 
856 4 0 |u http://acta.bibl.u-szeged.hu/80356/1/elelmiszervizsgalati_kozlemenyek_1990_03_143-147.pdf  |z Dokumentum-elérés